| 000 | 00000nam 22000008a 4500 |
| 001 | 9.865925 |
| 003 | CaOODSP |
| 005 | 20221107161923 |
| 007 | cr ||||||||||| |
| 008 | 181211s2018 oncd o f000 0 eng d |
| 020 | |a9780660289571 |
| 040 | |aCaOODSP|beng |
| 043 | |an-cn--- |
| 086 | 1 |aA118-10/20-2016E-PDF |
| 245 | 00|aCrop profile for peach in Canada, 2016 |h[electronic resource] / |cprepared by Pest Management Program, Agriculture and Agri-Food Canada. |
| 250 | |a3rd ed. |
| 260 | |a[Ottawa] : |bAgriculture and Agri-Food Canada, |cc2018. |
| 300 | |a78 p. : |bcol. charts. |
| 500 | |aIssued also in French under title: Profil de la culture de la pêche au Canada, 2016. |
| 500 | |aCover title. |
| 504 | |aIncludes references. |
| 692 | 07|2gccst|aFruit crops |
| 710 | 1 |aCanada. |bAgriculture and Agri-Food Canada. |
| 710 | 2 |aPest Management Centre (Canada) |
| 775 | 08|tProfil de la culture de la pêche au Canada, 2016 |w(CaOODSP)9.865927 |
| 794 | |tCrop profile for peach in Canada, 2019 / |w(CaOODSP)9.888339 |
| 795 | |tCrop profile for peach in Canada, 2013 |w(CaOODSP)9.807612 |
| 856 | 40|qPDF|s1.13 MB|uhttps://publications.gc.ca/collections/collection_2019/aac-aafc/A118-10-20-2016-eng.pdf |
| 986 | |aAAFC No.: 12880E |